000 00957cad a22001935a 4500
001 L156535
008 120606s2012 xxk 000 0 eng d
035 _a(Sirsi) u156535
041 0 _aeng
100 1 _aTeale, Mark
245 0 0 _aUK retail viewpoint
_bshop expansion and the internet May 2012
_h[electronic resource]
260 _aLondon
_bCBRE
_c2012
520 _aThe Internet is widely portrayed as a destroyer of shops but its impact is different from the common perception. Far from undermining store demand the Internet has become a key strand in the stock-renewal process. It is reinforcing long-run market trends that are concentrating and consolidating market share in an elite group of high volume shopping destinations.
590 _aKA
651 4 _aUnited Kingdom
690 _aCommercial property
_96227
856 4 0 _uhttps://www.cbre.eu/portal/pls/portal/res_rep.show_report?report_id=1845
_zView this report at www.cbre.eu
942 _n0
999 _c84061
_d84061